Rasavadi: ರಸವಾದಿ (Record no. 215742)
[ view plain ]
| 000 -LEADER | |
|---|---|
| fixed length control field | 03569nam a2200241Ia 4500 |
| 003 - CONTROL NUMBER IDENTIFIER | |
| control field | OSt |
| 005 - DATE AND TIME OF LATEST TRANSACTION | |
| control field | 20251125164304.0 |
| 008 - FIXED-LENGTH DATA ELEMENTS--GENERAL INFORMATION | |
| fixed length control field | 210719s2015 xx 000 0 und d |
| 040 ## - CATALOGING SOURCE | |
| Transcribing agency | AL |
| 041 ## - LANGUAGE CODE | |
| Language code of text/sound track or separate title | kan |
| 082 ## - DEWEY DECIMAL CLASSIFICATION NUMBER | |
| Classification number | K894.3 COER |
| 100 ## - MAIN ENTRY--PERSONAL NAME | |
| Personal name | COELHO (Paulo) |
| 9 (RLIN) | 176005 |
| 245 ## - TITLE STATEMENT | |
| Title | Rasavadi: ರಸವಾದಿ |
| 260 ## - PUBLICATION, DISTRIBUTION, ETC. | |
| Place of publication, distribution, etc. | Mangaluru |
| Date of publication, distribution, etc. | 2015 |
| 300 ## - PHYSICAL DESCRIPTION | |
| Extent | 167 |
| Other physical details | HB |
| 365 ## - TRADE PRICE | |
| Price amount | 250 |
| Currency code | Rs |
| 520 ## - SUMMARY, ETC. | |
| Summary, etc. | 'ದಿ ಆಲ್ಕೆಮಿಸ್ಟ್' ಎಂಬುದು ಕುರುಬ ಯುವಕ ಸ್ಯಾಂಟಿಯಾಗೊನ ಕಥೆಯಾಗಿದ್ದು, ಅವನು ಪ್ರಪಂಚವನ್ನು ಸುತ್ತುವ ಹಂಬಲದಿಂದ ಕುರುಬನಾದನು. ತನ್ನ ಆಕಾಂಕ್ಷೆಯನ್ನು ಅನುಸರಿಸಿ ಕುರುಬನಾದ ಹುಡುಗ, ತನ್ನ ಹೆತ್ತವರ ಭಯದ ಹೊರತಾಗಿಯೂ, ಪಾದ್ರಿಯಾಗಲು ಅನುವು ಮಾಡಿಕೊಡುವ ಶಿಕ್ಷಣದ ಹೊರತಾಗಿಯೂ. ಅವನು ಪ್ರಯಾಣಿಸಲು ಆಶಿಸುವವನಾಗಿದ್ದಾನೆ, ಆದ್ದರಿಂದ ಅವನು ಪ್ರಯಾಣವನ್ನು ಆರಿಸಿಕೊಂಡನು.<br/><br/>ಒಂದು ದಿನ ಅವನಿಗೆ ಒಂದು ಕನಸು ಬಿತ್ತು, ಈ ಕನಸಿನ ಅರ್ಥ ಅವನಿಗೆ ಅರ್ಥವಾಗಲಿಲ್ಲ. ಆದ್ದರಿಂದ ಅವನು ಕನಸುಗಳನ್ನು ಅರ್ಥೈಸಬಲ್ಲ ಒಬ್ಬ ಜಿಪ್ಸಿ ಮಹಿಳೆಯ ಬಳಿಗೆ ಹೋದನು. ಅವಳು ಅವನಿಗೆ ಅವನ ಅದೃಷ್ಟವು ಅವನನ್ನು ಕರೆಯುತ್ತಿದೆ ಮತ್ತು ಅವನ ಅದೃಷ್ಟವು ಈಜಿಪ್ಟ್ನ ಪಿರಮಿಡ್ಗಳಿಗೆ ಹೋಗಿ ಅವನ ಜೀವನದ ನಿಧಿಯನ್ನು ಪಡೆಯುವುದು ಎಂದು ಹೇಳಿದಳು. ಅವನು ತನ್ನ ಕನಸಿನ ಬಗ್ಗೆ ಮತ್ತು 'ಸೇಲಂ ರಾಜ' ಎಂದು ಕರೆದುಕೊಳ್ಳುವ ವ್ಯಕ್ತಿಯನ್ನು ಭೇಟಿಯಾದಾಗ ಮಹಿಳೆ ಅವನಿಗೆ ಏನು ಹೇಳಿದಳು ಎಂಬುದರ ಬಗ್ಗೆ ಯೋಚಿಸುತ್ತಿದ್ದನು. ಅವನು ತನ್ನ ಕನಸನ್ನು, ತನ್ನ ಅದೃಷ್ಟವನ್ನು ಅನುಸರಿಸಲು ಅವನನ್ನು ಧೈರ್ಯಗೊಳಿಸುತ್ತಾನೆ.<br/><br/>ಅಲ್ಲಿಂದ ಅವನ ಪ್ರಯಾಣ ಪ್ರಾರಂಭವಾಗುತ್ತದೆ. ಅವನು ತನ್ನ ಕುರಿಗಳನ್ನು ಮಾರಿ, ತನ್ನ ಮನೆಯನ್ನು ತೊರೆದು, ಅನೇಕ ಅಪಾಯಗಳನ್ನು ಎದುರಿಸಿ ಸ್ಪೇನ್ನಿಂದ ಉತ್ತರ ಆಫ್ರಿಕಾಕ್ಕೆ ಮತ್ತು ನಂತರ ಈಜಿಪ್ಟಿನ ಮರುಭೂಮಿಗಳಿಗೆ ಪ್ರಯಾಣಿಸಿದನು. ತನ್ನ ದಂಡಯಾತ್ರೆಯಲ್ಲಿ, ಅವನು ಅನೇಕ ವಿಷಯಗಳನ್ನು ಕಲಿತನು ಮತ್ತು ತನ್ನ ಕಲಿಕೆಯ ಸಹಾಯದಿಂದ, ಅಂತಿಮವಾಗಿ ತನ್ನ ನಿಧಿಯನ್ನು ಪಡೆದುಕೊಂಡನು. |
| 650 ## - SUBJECT ADDED ENTRY--TOPICAL TERM | |
| Topical term or geographic name entry element | The Alchemist |
| 9 (RLIN) | 176006 |
| 650 ## - SUBJECT ADDED ENTRY--TOPICAL TERM | |
| Topical term or geographic name entry element | Kannada Fiction |
| 9 (RLIN) | 176006 |
| 700 ## - ADDED ENTRY--PERSONAL NAME | |
| Personal name | Abdul Raheem Teekay |
| Dates associated with a name | ಅಬ್ದುಲ್ ರಹೀಮ್ ಟೀಕೆ tr |
| 9 (RLIN) | 246829 |
| 906 ## - LOCAL DATA ELEMENT F, LDF (RLIN) | |
| a | Rasavadi |
| 942 ## - ADDED ENTRY ELEMENTS (KOHA) | |
| Source of classification or shelving scheme | Dewey Decimal Classification |
| Koha item type | Book |
| Withdrawn status | Lost status | Damaged status | Not for loan | Collection code | Home library | Current library | Date acquired | Source of acquisition | Cost, normal purchase price | Total Checkouts | Full call number | Barcode | Date last seen | Date last checked out | Price effective from | Koha item type |
|---|---|---|---|---|---|---|---|---|---|---|---|---|---|---|---|---|
| St Aloysius Library | St Aloysius Library | 06/01/2017 | General Annual | 250.00 | 1 | K894.3 COER | D04376 | 01/02/2026 | 12/18/2025 | 07/19/2021 | Donated Books | |||||
| St Aloysius Library | St Aloysius Library | 06/01/2017 | General Annual | 250.00 | 1 | K894.3 COER | D04377 | 01/28/2026 | 11/11/2025 | 07/19/2021 | Donated Books |